| 000 | 00597nam a22002177a 4500 | ||
|---|---|---|---|
| 005 | 20250519132321.0 | ||
| 008 | 250519b |||||||| |||| 00| 0 eng d | ||
| 040 | _cDO | ||
| 245 | _aInside the great white | ||
| 250 | _aApril 2000 Vol. 197 No. 4 | ||
| 490 | _aNational Geographic | ||
| 520 | _aGreat White Sharks, Yemen, Chiquibul Cave, Update From the Field, San Pedro River, Nature's Rx, Duck-Billed Platypus | ||
| 650 | _xSHARKS | ||
| 650 | _xYEMEN | ||
| 650 | _xCHIQUIBUL | ||
| 650 | _xEXPLORATION | ||
| 650 | _xRIVER | ||
| 650 | _xNATURE | ||
| 650 | _xPLATYPUS | ||
| 942 |
_2ddc _cCR |
||
| 999 |
_c5533 _d5533 |
||